Prediction of consolidation settlement of a multi-layer system of clayey soils / (رقم التسجيلة. 178222)

تفاصيل مارك
000 -LEADER
fixed length control field 01347namaa22003131i 4500
005 - أخر تعامل مع التسجيلة
control field 20260228123436.0
008 - FIXED-LENGTH DATA ELEMENTS--GENERAL INFORMATION
fixed length control field 260207s1995 ua a|||fr|m|| 000 0 eng d
040 ## - CATALOGING SOURCE
Original cataloguing agency EG-GICUC
Language of cataloging eng
Transcribing agency EG-GICUC
Modifying agency EG-GICUC
Description conventions rda
041 0# - LANGUAGE CODE
Language code of text/sound track or separate title eng
Language code of summary or abstract eng
-- ara
049 ## - Acquisition Source
Acquisition Source Deposit
097 ## - Degree
Degree M.Sc
099 ## - LOCAL FREE-TEXT CALL NUMBER (OCLC)
Local Call Number Cai01.13.05.M.Sc.1995.Ba.P
100 0# - MAIN ENTRY--PERSONAL NAME
Authority record control number or standard number Bassem Saber Basta,
Preparation preparation.
245 10 - TITLE STATEMENT
Title Prediction of consolidation settlement of a multi-layer system of clayey soils /
Statement of responsibility, etc. By Bassem Saber Basta ; Supervised Dr. Abdelsalam M.Salem, Dr. Mostafa H. El Ehwany.
246 15 - VARYING FORM OF TITLE
Title proper/short title التنبؤ بهبوط الحدعيم لقطاع متعدد الطبقات من الحرية الطنينية
264 #0 - PRODUCTION, PUBLICATION, DISTRIBUTION, MANUFACTURE, AND COPYRIGHT NOTICE
Date of production, publication, distribution, manufacture, or copyright notice 1995
300 ## - PHYSICAL DESCRIPTION
Extent 120 pages:
Other physical details illustrations ;
Dimensions 25 cm. +
336 ## - CONTENT TYPE
Source rda content
Content type term text
337 ## - MEDIA TYPE
Source rdamedia
Media type term Unmediated
338 ## - CARRIER TYPE
Source rdacarrier
Carrier type term volume
502 ## - DISSERTATION NOTE
Dissertation note Thesis (M.Sc.) -Cairo University, 1995
504 ## - BIBLIOGRAPHY, ETC. NOTE
Bibliography, etc. note Bibliography: pages 119-120.
653 #0 - INDEX TERM--UNCONTROLLED
Uncontrolled term consolidation settlement of
-- a multi-layer system of clayey soils
700 0# - ADDED ENTRY--PERSONAL NAME
Personal name Abdelsalam M.Salem
Relator term thesis advisor.
700 0# - ADDED ENTRY--PERSONAL NAME
Personal name Mostafa H. El Ehwany
Relator term thesis advisor.
900 ## - Thesis Information
Department Department of Civil Engineering
Faculties Faculty of Engineering
Universities Cairo University
Grant date 1995
Supervisory body Abdelsalam M.Salem
-- Mostafa H. El Ehwany
905 ## - Cataloger and Reviser Names
Cataloger Name Nagat Ghanem
Reviser Names Nourhan
942 ## - ADDED ENTRY ELEMENTS (KOHA)
Source of classification or shelving scheme Dewey Decimal Classification
Koha item type Thesis
Edition 21
Suppress in OPAC No
المقتنيات
Source of classification or shelving scheme Home library Current library Date acquired Inventory number Full call number Barcode Date last seen Effective from Koha item type
Dewey Decimal Classification المكتبة المركزبة الجديدة - جامعة القاهرة مكتبة المئوية 07.02.2026 26049 Cai01.13.05.M.Sc.1995.Ba.P 01010110026049000 07.02.2026 07.02.2026 Thesis
Cairo University Libraries Portal Implemented & Customized by: Eng. M. Mohamady Contacts: new-lib@cl.cu.edu.eg | cnul@cl.cu.edu.eg
CUCL logo CNUL logo
© All rights reserved — Cairo University Libraries
CUCL logo
Implemented & Customized by: Eng. M. Mohamady Contact: new-lib@cl.cu.edu.eg © All rights reserved — New Central Library
CNUL logo
Implemented & Customized by: Eng. M. Mohamady Contact: cnul@cl.cu.edu.eg © All rights reserved — Cairo National University Library